| Tag |
First Indicator |
Second Indicator |
Subfields |
| LEADER |
00000cam a2200000 a 4500 |
| 001 |
in00002359310 |
| 005 |
20151108091254.0 |
| 008 |
070626s2007 enk b 001 0 eng |
| 015 |
|
|
|a GBA756002
|2 bnb
|
| 016 |
7 |
|
|a 013795553
|2 Uk
|
| 019 |
|
|
|a 144227175
|
| 020 |
|
|
|a 9781403987549 (hbk.)
|
| 020 |
|
|
|a 1403987548 (hbk.)
|
| 035 |
|
|
|a (OCoLC)ocn156891205
|
| 035 |
|
|
|a (OCoLC)156891205
|z (OCoLC)144227175
|
| 040 |
|
|
|a UKM
|c UKM
|d BTCTA
|d BAKER
|d YDXCP
|d BWK
|d SUC
|d UtOrBLW
|
| 042 |
|
|
|a ukblcatcopy
|
| 043 |
|
|
|a a-ja---
|
| 049 |
|
|
|a TXAM
|
| 082 |
0 |
4 |
|a 338.95206
|2 22
|
| 090 |
|
|
|a Q127.J3
|b I56 2007
|
| 245 |
0 |
0 |
|a Innovation nation :
|b science and technology in 21st century Japan /
|c edited by Ken S. Coates and Carin Holroyd.
|
| 264 |
|
1 |
|a Basingstoke :
|b Palgrave Macmillan,
|c 2007.
|
| 300 |
|
|
|a ix, 202 pages ;
|c 22 cm.
|
| 336 |
|
|
|a text
|b txt
|2 rdacontent
|
| 337 |
|
|
|a unmediated
|b n
|2 rdamedia
|
| 338 |
|
|
|a volume
|b nc
|2 rdacarrier
|
| 504 |
|
|
|a Includes bibliographical references and index.
|
| 650 |
|
0 |
|a Science and state
|z Japan.
|
| 650 |
|
0 |
|a Technology and state
|z Japan.
|
| 700 |
1 |
|
|a Coates, Kenneth,
|d 1956-
|
| 700 |
1 |
|
|a Holroyd, Carin.
|
| 938 |
|
|
|a Baker and Taylor
|b BTCP
|n BK0007155331
|
| 938 |
|
|
|a Baker & Taylor
|b BKTY
|c 95.00
|d 95.00
|i 1403987548
|n 0007155331
|s active
|
| 938 |
|
|
|a YBP Library Services
|b YANK
|n 2571326
|
| 938 |
|
|
|a Blackwell Book Service UK
|b BBUK
|n L9775379
|c 55.00
|
| 945 |
|
|
|a PromptCat
|b 350143
|
| 946 |
|
|
|a stk
|
| 947 |
|
|
|a A14836826512
|
| 994 |
|
|
|a 92
|b TXA
|
| 948 |
|
|
|a cataloged
|b h
|c 2008/3/6
|d c
|e asalazar
|f 3:04:58 pm
|
| 999 |
|
|
|a MARS
|
| 999 |
f |
f |
|s 2504470e-49fb-36c9-a8c6-8e8680dc8cec
|i d99ec11b-3ac0-374c-b74d-f319a8a0565d
|t 0
|
| 952 |
f |
f |
|p ric
|a Texas A&M University
|b Rellis Campus
|c Joint Library Facility
|d Remote Storage
|t 0
|e Q127.J3 I56 2007
|h Library of Congress classification
|i unmediated -- volume
|m A14836826512
|
| 998 |
f |
f |
|a Q127.J3 I56 2007
|t 0
|l Remote Storage
|